Zvyšovanie ekonomicko-environmentálnej výkonnosti podniku s dôrazom na integrované manažérske systémy záverečná správa z riešenia projektu pre mladých učiteľov, vedeckých pracovníkov a doktorandov v dennej forme štúdia : číslo projektu I-15-109-00 : doba riešenia 1. 1. 2015 - 31. 12. 2015
Na minha lista:
| Autor principal: | |
|---|---|
| Autor Corporativo: | |
| Outros Autores: | , , , , , |
| Formato: | Livro |
| Idioma: | eslovaco |
| Publicado em: |
Košice
2015
|
| Edição: | 1. vyd. |
| Assuntos: | |
| Tags: |
Sem tags, seja o primeiro a adicionar uma tag!
|
MARC
| LEADER | 00000nam a2200000 4500 | ||
|---|---|---|---|
| 001 | 0213637 | ||
| 005 | 20241003145546.2 | ||
| 041 | 0 | |a slo | |
| 044 | |a SK | ||
| 245 | 1 | 0 | |a Zvyšovanie ekonomicko-environmentálnej výkonnosti podniku s dôrazom na integrované manažérske systémy |b záverečná správa z riešenia projektu pre mladých učiteľov, vedeckých pracovníkov a doktorandov v dennej forme štúdia : číslo projektu I-15-109-00 : doba riešenia 1. 1. 2015 - 31. 12. 2015 |c vedúci projektu: Adela Feranecová, spoluriešitelia: Zuzana Nižníková [et al.] ; recenzenti: Eva Manová, Igor Liberko |
| 250 | |a 1. vyd. | ||
| 264 | 1 | |a Košice |c 2015 | |
| 300 | |a 31 s. | ||
| 610 | 2 | 0 | |a systémy integrované manažérske |
| 610 | 2 | 0 | |a výkonnosť podniku |
| 100 | 1 | |a Feranecová, Adela, 1986- | |
| 700 | 1 | |a Nižníková, Zuzana, 1986- | |
| 700 | 1 | |a Sabolová, Martina | |
| 700 | 1 | |a Stašková, Slavomíra, 1989- | |
| 700 | 1 | |a Čorba, Juraj, ml. | |
| 700 | 1 | |a Manová, Eva, 1957- | |
| 700 | 1 | |a Liberko, Igor | |
| 710 | 2 | |a Ekonomická univerzita v Bratislave. Podnikovohospodárska fakulta so sídlom v Košiciach | |